| Tag |
First Indicator |
Second Indicator |
Subfields |
| LEADER |
00000ccm a2200000 a 4500 |
| 001 |
in00001333607 |
| 005 |
20210930122551.0 |
| 008 |
961002s1996 wiumda bdehi n ita d |
| 020 |
|
|
|a 0895793393
|
| 020 |
|
|
|a 0895793725 (suppl.)
|
| 035 |
|
|
|a (OCoLC)35669525
|
| 035 |
|
|
|9 AHF9450AM
|
| 040 |
|
|
|a GZA
|c GZA
|d CIN
|d ENG
|d CPL
|d TXA
|d UtOrBLW
|
| 041 |
0 |
|
|a ita
|e ita
|e eng
|h ita
|g eng
|
| 048 |
|
|
|a va02
|a vd01
|a vf01
|a ke
|
| 048 |
|
|
|a va01
|a ke
|
| 049 |
|
|
|a TXAM
|
| 090 |
|
|
|a M2
|b .R238 vol. 79
|
| 092 |
|
|
|a FAL 782.43
|b Q1
|
| 100 |
1 |
|
|a Quagliati, Paolo,
|d approximately 1555-1628.
|
| 240 |
1 |
0 |
|a Madrigals,
|m voices (4), continuo
|
| 245 |
1 |
3 |
|a Il primo libro de' madrigali a quattro voci /
|c Paolo Quagliati ; edited by Judith Cohen.
|
| 264 |
|
1 |
|a Madison :
|b A-R Editions,
|c [1996]
|
| 264 |
|
4 |
|c ©1996
|
| 300 |
|
|
|a 1 score (xxii, 110 pages) :
|b facsimiles ;
|c 31 cm. +
|e supplement (1 score (v, 79 pages) ; 31 cm.)
|
| 336 |
|
|
|a notated music
|b ntm
|2 rdacontent
|
| 337 |
|
|
|a unmediated
|b n
|2 rdamedia
|
| 338 |
|
|
|a volume
|b nc
|2 rdacarrier
|
| 490 |
1 |
|
|a Recent researches in the music of the Baroque Era,
|x 0484-0828 ;
|v v. 79
|
| 500 |
|
|
|a Originally published in 2 versions: for 4 voices (SSTB) and continuo, and for soprano and continuo; suppl. contains version for soprano and continuo.
|
| 546 |
|
|
|a Italian words; also printed as text with English translations (p. xiii-xxii).
|
| 500 |
|
|
|a Edited from the edition published: Venetia : G. Vincenti, 1608.
|
| 500 |
|
|
|a Commentary in English.
|
| 504 |
|
|
|a Includes bibliographical references.
|
| 650 |
|
0 |
|a Madrigals, Italian.
|
| 650 |
|
0 |
|a Vocal quartets with continuo.
|
| 650 |
|
0 |
|a Songs (High voice) with continuo.
|
| 700 |
1 |
|
|a Cohen, Judith,
|d 1913-
|
| 830 |
|
0 |
|a Recent researches in the music of the Baroque Era.
|x 0484-0828 ;
|v v. 79.
|
| 999 |
|
|
|a MARS
|
| 999 |
f |
f |
|s 839d1c97-992b-321b-aa0a-9107982d6d7d
|i 8877411d-45b7-3eaf-afc0-f7a70b6e14e7
|t 0
|
| 952 |
f |
f |
|p ric
|a Texas A&M University
|b Rellis Campus
|c Joint Library Facility
|d Remote Storage
|t 0
|e M2 .R238 v.79
|h Library of Congress classification
|i unmediated -- volume
|m A14820955662
|
| 998 |
f |
f |
|a M2 .R238 v.79
|t 0
|l Remote Storage
|